000 00814cam a2200205 a 4500
001 000007296
005 20200929154126.0
008 820722s1975 ru a 000 0 spa
040 _aDO-SdBNP
_bspa
_cDLC
_dDLC
_dBNPHU
082 _a947.084
_bH559h
245 0 4 _aLos héroes caídos hablan :
_bcartas postumas de combatientes soviéticos contra los invasores fascistas alemanes, 1941-1945 /
_ctraducción, Manuel Puente.
260 _aMoscú, (Rusia) :
_bProgreso,
_c1975.
300 _a246 p. :
_bil. ;
_c21 cm.
500 _aAyuda para trabajar este libro consultar a Wendy, Pochet, Marisela o Mara.
651 4 _aUnión Soviética
_xHistoria
_920259
651 4 _aUnión Soviética
_xPolítica Y Gobierno
_920260
700 1 _aPuente, Manuel,
_etr.
_920261
910 _aCatalogación por copia / LC
049 _aBNGR
999 _c7077
_d7077